LEADER 01389nlm 2200253Ia 450 001 996539764603316 005 20230801115908.0 100 $a19840414d1677---- uy | 101 0 $aeng 102 $aUK 135 $adrcnu 200 1 $a<> twelfth part of The reports of Sr Edward Coke, Kt. of divers resolutions and judgments given upon solemn arguments and with great deliberation and conference with the learned judges in cases of law$ethe most of them very famous, being of the Kings especial reference from the council table : concerning the prerogative ... : also the forms and proceedings of Parliaments, both in England and Ireland : with an exposition of Poynings Law : with alphabetical tables .. 205 $a2. ed. 210 1 $aLondon$cPrinted by the assigns of Richard and Edward Atkins for Henry Twyford and Tho. Basset$d1677 215 $aTesto elettronico (PDF) ([2], 136, [4] p.) 230 $aBase dati testuale 300 $aRiproduzione dell'originale nella British Library 700 1$aCOKE,$bEdward$cSir,$f1552-1634.$0626804 801 0$aIT$bcba$cREICAT 912 $a996539764603316 959 $aEB 969 $aER 996 $aTwelfth part of The reports of Sr Edward Coke, Kt. of divers resolutions and judgments given upon solemn arguments and with great deliberation and conference with the learned judges in cases of law$93405314 997 $aUNISA